[Event "26. Copenhagen Open  (Politiken Cup)"]
[Site "Taastrup"]
[Date "2004.07.24"]
[Round "1"]
[White "Aabling Thomsen, Jakob"]
[Black "Brorsen, Jacob Abildlund"]
[Result "1-0"]
[WhiteElo "2139"]
[BlackElo "1530"]
[PlyCount "125"]
[EventDate "2004.07.24"]
[EventType "swiss"]
[EventRounds "10"]
[EventCountry "DEN"]
[SourceDate "2004.01.01"]

1. e4 e5 2. f4 d6 3. Nf3 Bg4 4. Bc4 Bxf3 5. Qxf3 Nc6 6. O-O Nf6 7. Qb3 Qd7 8.
Bxf7+ Ke7 9. Bd5 Nd4 10. Qxb7 Rc8 11. Nc3 Nxd5 12. Nxd5+ Kd8 13. c3 Ne2+ 14.
Kf2 Nxf4 15. Nxf4 exf4 16. d4 g5 17. Qxa7 h5 18. a4 Bh6 19. Kg1 Rf8 20. Qa5 Qg4
21. Rf3 Qh4 22. Bd2 g4 23. g3 Qe7 24. Rxf4 Bxf4 25. Bxf4 Qxe4 26. Rf1 Kd7 27.
Qb5+ c6 28. Qb7+ Rc7 29. Qb4 Rxf4 30. Rxf4 Qe1+ 31. Kg2 Qe2+ 32. Rf2 Qe4+ 33.
Kf1 Qd3+ 34. Ke1 Qe3+ 35. Re2 Qc1+ 36. Kf2 Qh1 37. Ke3 Qc1+ 38. Rd2 Qe1+ 39.
Kd3 Qb1+ 40. Ke3 Qe1+ 41. Re2 Qc1+ 42. Kf2 Qh1 43. d5 Qxh2+ 44. Kf1 Qh1+ 45.
Kf2 Qh2+ 46. Ke1 Qh1+ 47. Kd2 Qxd5+ 48. Kc2 Qf5+ 49. Kb3 Qd5+ 50. Ka3 Qf3 51.
Re1 Qf6 52. Qe4 Qf7 53. b4 Rc8 54. a5 Ra8 55. Re2 Rb8 56. Qd3 Ra8 57. Rd2 Qf6
58. Qh7+ Kc8 59. Rd3 Qe5 60. Qg8+ Kb7 61. Qf7+ Ka6 62. Qc7 Kb5 63. Rd4 1-0

[Event "26. Copenhagen Open  (Politiken Cup)"]
[Site "Taastrup"]
[Date "2004.07.24"]
[Round "1"]
[White "Abrahamsson, Daniel"]
[Black "Greiff, Hakan"]
[Result "0-1"]
[WhiteElo "1803"]
[BlackElo "2253"]
[PlyCount "160"]
[EventDate "2004.07.24"]
[EventType "swiss"]
[EventRounds "10"]
[EventCountry "DEN"]
[SourceDate "2004.01.01"]

1. d4 d5 2. c4 e6 3. Nf3 Nf6 4. Nc3 Be7 5. e3 O-O 6. Bd3 dxc4 7. Bxc4 a6 8. O-O
b5 9. Bd3 Bb7 10. a4 b4 11. Ne2 Nbd7 12. Ng3 c5 13. b3 cxd4 14. exd4 Re8 15.
Re1 Nf8 16. Bb2 Nd5 17. Rc1 Ng6 18. Ne5 Bg5 19. Rc2 Bf4 20. Nxg6 hxg6 21. Ne4
Nf6 22. Nxf6+ gxf6 23. Qg4 Bh6 24. Rce2 Bd5 25. Be4 Rc8 26. Qf3 Bxe4 27. Qxe4
f5 28. Qb7 Bg7 29. Qxb4 Qd5 30. Qa3 Red8 31. b4 Bxd4 32. Qa1 Rc4 33. b5 axb5
34. axb5 Qxb5 35. Bxd4 Rcxd4 36. h3 Qd5 37. Qb2 Qd6 38. Qc3 Qf4 39. Qc2 R8d5
40. Qc8+ Kg7 41. Qc3 Kh7 42. Qc2 Qd6 43. Qc3 g5 44. Qc1 f4 45. Qc2+ Kg7 46. Qc3
e5 47. Qf3 Qe6 48. Qc3 f6 49. Qc2 f3 50. Re3 fxg2 51. Kxg2 Rd7 52. Qe2 Qc6+ 53.
Kg1 Qd5 54. Rg3 Rc7 55. Qe3 Rcc4 56. Kh2 Rf4 57. Reg1 Qd4 58. R1g2 Qxe3 59.
Rxe3 Rc2 60. Kg1 Rc1+ 61. Kh2 Rd4 62. Rg4 Rdd1 63. Rg2 Kg6 64. Kg3 Rc4 65. Kh2
Rcc1 66. Kg3 Kf5 67. Kf3 Rc2 68. Kg3 Rdd2 69. Rf3+ Ke6 70. h4 e4 71. Re3 gxh4+
72. Kxh4 Ke5 73. Kg3 f5 74. Ra3 f4+ 75. Kh4 Rxf2 76. Rg5+ Kd4 77. Rga5 Rg2 78.
Kh3 Rg8 79. R5a4+ Rc4 80. Ra7 Rc3+ 0-1

[Event "26. Copenhagen Open  (Politiken Cup)"]
[Site "Taastrup"]
[Date "2004.07.24"]
[Round "1"]
[White "Adnoy, Hallvard V"]
[Black "Reppen, Ellisiv"]
[Result "1/2-1/2"]
[WhiteElo "2204"]
[BlackElo "1668"]
[PlyCount "99"]
[EventDate "2004.07.24"]
[EventType "swiss"]
[EventRounds "10"]
[EventCountry "DEN"]
[SourceDate "2004.01.01"]

1. e4 e5 2. Nf3 Nc6 3. Bb5 Nf6 4. d3 d6 5. c3 Be7 6. O-O O-O 7. Nbd2 h6 8. Re1
Bd7 9. Nf1 Na5 10. Bxd7 Qxd7 11. Ng3 Rfe8 12. h3 Nc6 13. Nh2 Rad8 14. Nf5 Bf8
15. Qf3 Qe6 16. Qg3 Kh7 17. Qh4 Ng8 18. Nf3 Qg6 19. g4 Be7 20. Qg3 f6 21. d4
exd4 22. cxd4 Qf7 23. d5 Ne5 24. N3d4 g6 25. Nh4 c6 26. f4 cxd5 27. fxe5 dxe4
28. Ndf3 dxe5 29. Rxe4 Qd5 30. Qe1 Bc5+ 31. Kh2 Ne7 32. Kg2 g5 33. Nf5 Nxf5 34.
gxf5 Qd7 35. Rc4 b6 36. Qe4 Re7 37. Bd2 Bd4 38. Rac1 Bxb2 39. R1c2 Bd4 40. Bb4
Rg7 41. Nxd4 exd4 42. Rd2 d3 43. Rc3 Qd5 44. Qxd5 Rxd5 45. Rcxd3 Rxf5 46. Rd7
Rb5 47. Bf8 Rxd7 48. Rxd7+ Kg6 49. Rg7+ Kf5 50. Rf7 1/2-1/2

[Event "26. Copenhagen Open  (Politiken Cup)"]
[Site "Taastrup"]
[Date "2004.07.24"]
[Round "1"]
[White "Andersen, Rune"]
[Black "Johannessen, Leif Erlend"]
[Result "0-1"]
[WhiteElo "2042"]
[BlackElo "2538"]
[PlyCount "78"]
[EventDate "2004.07.24"]
[EventType "swiss"]
[EventRounds "10"]
[EventCountry "DEN"]
[SourceDate "2004.01.01"]

1. d4 d5 2. c4 e6 3. Nc3 c6 4. e4 Bb4 5. cxd5 exd5 6. e5 c5 7. a3 Ba5 8. Nf3
Nc6 9. Bd2 cxd4 10. Nb5 Bc7 11. Nxc7+ Qxc7 12. Bb5 Nge7 13. O-O O-O 14. Rc1 Qb6
15. Bd3 Bf5 16. Bxf5 Nxf5 17. Qc2 Nfe7 18. Rfe1 Ng6 19. Qf5 Rae8 20. b4 Re6 21.
Rc5 h6 22. Qh5 Rd8 23. g4 a6 24. Qf5 Rde8 25. g5 h5 26. Qh3 Ngxe5 27. Nxe5 Nxe5
28. Rxd5 Qc6 29. Qg2 Nc4 30. Rxe6 Qxe6 31. f4 Nxd2 32. Re5 Qc8 33. Rxe8+ Qxe8
34. Qxd2 Qe4 35. Kf2 Kh7 36. Kg3 Kg6 37. h4 Kf5 38. a4 Qe3+ 39. Qxe3 dxe3 0-1

[Event "26. Copenhagen Open  (Politiken Cup)"]
[Site "Taastrup"]
[Date "2004.07.24"]
[Round "1"]
[White "Andersen, Rune Egede"]
[Black "Laursen, Steen"]
[Result "1-0"]
[WhiteElo "2092"]
[BlackElo "1302"]
[PlyCount "53"]
[EventDate "2004.07.24"]
[EventType "swiss"]
[EventRounds "10"]
[EventCountry "DEN"]
[SourceDate "2004.01.01"]

1. d4 Nf6 2. Nf3 e6 3. Bg5 d5 4. c4 Bb4+ 5. Nc3 c5 6. e3 Qa5 7. Bxf6 gxf6 8.
cxd5 exd5 9. Qc2 Nc6 10. dxc5 Qxc5 11. Be2 Be6 12. O-O Rc8 13. Rfd1 O-O 14.
Rac1 Rfd8 15. Bd3 h6 16. Bf5 Bxc3 17. Bxe6 fxe6 18. Qg6+ Kh8 19. Qxh6+ Kg8 20.
Qg6+ Kh8 21. Rxc3 Qe7 22. Rdc1 e5 23. e4 Qg7 24. Nxe5 fxe5 25. Rh3+ Kg8 26.
Qe6+ Kf8 27. Rf3+ 1-0

[Event "26. Copenhagen Open  (Politiken Cup)"]
[Site "Taastrup"]
[Date "2004.07.24"]
[Round "1"]
[White "Andreasen, Per Naesby"]
[Black "Taksrud, Vidar"]
[Result "1/2-1/2"]
[WhiteElo "2309"]
[BlackElo "1954"]
[PlyCount "59"]
[EventDate "2004.07.24"]
[EventType "swiss"]
[EventRounds "10"]
[EventCountry "DEN"]
[SourceDate "2004.01.01"]

1. c4 e5 2. Nc3 Nf6 3. Nf3 Nc6 4. e3 Bb4 5. Nd5 e4 6. Ng1 O-O 7. a3 Bd6 8. d3
exd3 9. Bxd3 Ne5 10. Nf3 Nxd5 11. cxd5 c5 12. Nxe5 Bxe5 13. Bxh7+ Kxh7 14. Qh5+
Kg8 15. Qxe5 d6 16. Qg3 Re8 17. O-O Re5 18. e4 Rxe4 19. Bf4 Qf6 20. Bxd6 Rg4
21. Qe5 Qf3 22. Qe8+ Kh7 23. Bg3 Qxd5 24. Rfe1 b6 25. Re5 Be6 26. Qb5 Qc4 27.
Qc6 Rd8 28. Rae1 Rgd4 29. h3 Rd1 30. Qe4+ 1/2-1/2

[Event "26. Copenhagen Open  (Politiken Cup)"]
[Site "Taastrup"]
[Date "2004.07.24"]
[Round "1"]
[White "Asberg, Anders"]
[Black "Vul, Arkadi Eremeevich"]
[Result "0-1"]
[WhiteElo "2027"]
[BlackElo "2438"]
[PlyCount "84"]
[EventDate "2004.07.24"]
[EventType "swiss"]
[EventRounds "10"]
[EventCountry "DEN"]
[SourceDate "2004.01.01"]

1. e4 e5 2. Nc3 Nf6 3. Bc4 Nxe4 4. Nxe4 d5 5. Bxd5 Qxd5 6. Qf3 Be6 7. Nc3 Qxf3
8. Nxf3 Nc6 9. a3 f6 10. d3 O-O-O 11. Be3 Nd4 12. Bxd4 exd4 13. Ne2 c5 14. Nd2
f5 15. O-O Bd6 16. b4 Rhe8 17. bxc5 Bxc5 18. Nc1 Bd5 19. Ncb3 Bb6 20. Rfe1 Kd7
21. f3 Re3 22. Kf2 Rc8 23. Rac1 f4 24. a4 Rce8 25. a5 Bd8 26. a6 Bh4+ 27. g3
fxg3+ 28. hxg3 Bxg3+ 29. Kxg3 Rxe1 30. Rxe1 Rxe1 31. axb7 Kc7 32. Nxd4 a5 33.
Kf2 Rh1 34. c4 Bxb7 35. Nb5+ Kb6 36. d4 a4 37. Nc3 a3 38. c5+ Ka5 39. d5 Bxd5
40. Nxd5 Rh2+ 41. Ke3 Rxd2 42. Kxd2 a2 0-1

[Event "26. Copenhagen Open  (Politiken Cup)"]
[Site "Taastrup"]
[Date "2004.07.24"]
[Round "1"]
[White "Asbjornsson, Ingvar"]
[Black "Jorgensen, Gert"]
[Result "0-1"]
[WhiteElo "1275"]
[BlackElo "2087"]
[PlyCount "96"]
[EventDate "2004.07.24"]
[EventType "swiss"]
[EventRounds "10"]
[EventCountry "DEN"]
[SourceDate "2004.01.01"]

1. d4 Nf6 2. c4 e6 3. Nc3 Bb4 4. e3 d5 5. a3 Be7 6. Nf3 O-O 7. b3 Nbd7 8. Bd3
b6 9. O-O Bb7 10. Bb2 Ne4 11. Nd2 f5 12. f3 Nd6 13. f4 Nf6 14. Nf3 Nfe4 15. Ne5
Rf6 16. Nxe4 Nxe4 17. Bxe4 fxe4 18. Qg4 Bd6 19. Rf2 Qe7 20. b4 a5 21. c5 Bxe5
22. fxe5 Rxf2 23. Kxf2 Rf8+ 24. Kg1 Qf7 25. Qe2 bxc5 26. bxc5 Qd7 27. a4 Bc6
28. Qc2 Qc8 29. Rb1 Qa6 30. Ba3 Be8 31. Bb2 Bh5 32. Re1 Rb8 33. Ba3 Qd3 34.
Qxd3 exd3 35. Bc1 Rb4 36. h3 Rxa4 37. g4 Be8 38. Bd2 Ra2 39. Bc3 a4 40. Rd1 Bb5
41. Rd2 Ra3 42. Bb4 Rb3 43. Ba5 c6 44. Kf2 a3 45. g5 Rb2 46. Bc3 Rxd2+ 47. Bxd2
a2 48. Bc3 d2 0-1

[Event "26. Copenhagen Open  (Politiken Cup)"]
[Site "Taastrup"]
[Date "2004.07.24"]
[Round "1"]
[White "Auchenberg, Einar"]
[Black "Soraas, Torben"]
[Result "0-1"]
[WhiteElo "1486"]
[BlackElo "2107"]
[PlyCount "84"]
[EventDate "2004.07.24"]
[EventType "swiss"]
[EventRounds "10"]
[EventCountry "DEN"]
[SourceDate "2004.01.01"]

1. d4 Nf6 2. Nc3 d6 3. e4 g6 4. Bg5 Nbd7 5. Bc4 c6 6. f3 b5 7. Bxf6 Nxf6 8. Bb3
Bg7 9. h4 Qa5 10. Nh3 c5 11. a4 b4 12. Nd5 Ba6 13. e5 Nxd5 14. Bxd5 Rc8 15.
Bxf7+ Kxf7 16. Ng5+ Kg8 17. f4 cxd4 18. Qg4 Qd5 19. O-O-O Qc4 20. Rd2 d3 21. b3
Qd5 22. Rh3 h5 23. Rhxd3 hxg4 24. Rxd5 Rxh4 25. exd6 exd6 26. Rxd6 Rh1+ 27. Rd1
Rxd1+ 28. Kxd1 Bf1 29. g3 Bc3 30. Rxg6+ Kf8 31. Ne6+ Ke7 32. f5 Rc6 33. Nf4
Rxg6 34. Nd5+ Kf7 35. fxg6+ Kxg6 36. Nxc3 bxc3 37. Ke1 Ba6 38. b4 Bc4 39. b5
Kf5 40. Kd1 Ke4 41. Kc1 Kf3 42. Kb1 Kxg3 0-1

[Event "26. Copenhagen Open  (Politiken Cup)"]
[Site "Taastrup"]
[Date "2004.07.24"]
[Round "1"]
[White "Baark, Mathias"]
[Black "Vuilleumier, Alex"]
[Result "0-1"]
[WhiteElo "1811"]
[BlackElo "2259"]
[PlyCount "74"]
[EventDate "2004.07.24"]
[EventType "swiss"]
[EventRounds "10"]
[EventCountry "DEN"]
[SourceDate "2004.01.01"]

1. f4 d5 2. Nf3 c5 3. g3 Nc6 4. Bg2 Nf6 5. O-O g6 6. d3 Bg7 7. c3 O-O 8. Qe1 b6
9. e4 dxe4 10. dxe4 Ba6 11. Rf2 e5 12. f5 Qc8 13. h3 Bd3 14. Nh4 Rd8 15. Bg5
Rd6 16. Qe3 Qa6 17. Na3 Rad8 18. Rd1 c4 19. Re1 b5 20. Qc5 b4 21. Nb5 Qa5 22.
cxb4 Nxb4 23. Bd2 Rb6 24. Bxb4 Qxb5 25. Qxb5 Rxb5 26. Be7 Rd7 27. Bxf6 Bxf6 28.
fxg6 Bd8 29. gxh7+ Kxh7 30. Kh1 Bb6 31. Rf5 Rxb2 32. Nf3 Bf2 33. Rd1 c3 34. Rc1
c2 35. Nxe5 Rb1 36. Rxf7+ Rxf7 37. Nxd3 Be3 0-1

[Event "26. Copenhagen Open  (Politiken Cup)"]
[Site "Taastrup"]
[Date "2004.07.24"]
[Round "1"]
[White "Backelin, Rikard"]
[Black "Aandal, Kristian"]
[Result "1-0"]
[WhiteElo "2292"]
[BlackElo "1927"]
[PlyCount "55"]
[EventDate "2004.07.24"]
[EventType "swiss"]
[EventRounds "10"]
[EventCountry "DEN"]
[SourceDate "2004.01.01"]

1. Nf3 Nf6 2. g3 d5 3. Bg2 c5 4. O-O Nc6 5. d3 e5 6. c4 d4 7. Na3 Bd6 8. Nc2
Bg4 9. a3 Qd7 10. b4 Bh3 11. e4 h5 12. bxc5 Bxc5 13. Nb4 Bxg2 14. Kxg2 Bd6 15.
Bd2 Ne7 16. Nh4 Ng6 17. Nf5 Rh7 18. Bg5 Be7 19. Bxf6 Bxf6 20. Nd5 h4 21. Rb1
O-O-O 22. Rb6 Rdh8 23. Nd6+ Kd8 24. Nxb7+ Ke8 25. Nxf6+ gxf6 26. Nd6+ Kf8 27.
Rb8+ Ke7 28. Rb7 1-0

[Event "26. Copenhagen Open  (Politiken Cup)"]
[Site "Taastrup"]
[Date "2004.07.24"]
[Round "1"]
[White "Bae, Torstein"]
[Black "Lynge, Torben"]
[Result "1-0"]
[WhiteElo "2269"]
[BlackElo "1916"]
[PlyCount "81"]
[EventDate "2004.07.24"]
[EventType "swiss"]
[EventRounds "10"]
[EventCountry "DEN"]
[SourceDate "2004.01.01"]

1. e4 c6 2. d4 d5 3. Nc3 dxe4 4. Nxe4 Bf5 5. Ng3 Bg6 6. h4 h6 7. Nf3 Nd7 8. h5
Bh7 9. Bd3 Bxd3 10. Qxd3 Ngf6 11. Bf4 e6 12. O-O-O Nd5 13. Bd2 Qb6 14. a3 Bd6
15. Ne4 Bc7 16. g3 O-O-O 17. c4 N5f6 18. Bc3 Nxe4 19. Qxe4 Nf6 20. Qe2 Rhe8 21.
Kb1 a6 22. Ka2 c5 23. dxc5 Qxc5 24. Ne5 Rxd1 25. Rxd1 Re7 26. Bb4 Qxe5 27. Qxe5
Bxe5 28. Bxe7 Nxh5 29. Bf8 f6 30. g4 Nf4 31. Bxg7 Nh3 32. f3 Ng5 33. Rf1 Nf7
34. f4 Bd4 35. Rh1 Be3 36. Bxh6 Nxh6 37. Rxh6 Bxf4 38. Rxf6 e5 39. Rd6 Kc7 40.
Rd1 e4 41. Rd4 1-0

[Event "26. Copenhagen Open  (Politiken Cup)"]
[Site "Taastrup"]
[Date "2004.07.24"]
[Round "1"]
[White "Barr, Steven"]
[Black "Engelbert, Christoph"]
[Result "1-0"]
[WhiteElo "1712"]
[BlackElo "2213"]
[PlyCount "109"]
[EventDate "2004.07.24"]
[EventType "swiss"]
[EventRounds "10"]
[EventCountry "DEN"]
[SourceDate "2004.01.01"]

1. d4 g6 2. c4 Bg7 3. Nc3 d6 4. Nf3 Bg4 5. e3 c5 6. Be2 cxd4 7. Nxd4 Bxe2 8.
Ndxe2 Nf6 9. b3 O-O 10. Bb2 Nbd7 11. Qd2 a6 12. O-O Qa5 13. Rad1 Rfd8 14. Nf4
Nc5 15. Nfd5 Nxd5 16. Nxd5 Qxd2 17. Nxe7+ Kf8 18. Bxg7+ Kxe7 19. Rxd2 f6 20.
Bh6 b5 21. Bf4 b4 22. Rfd1 Nb7 23. h4 a5 24. g4 Ra6 25. Kg2 a4 26. Rb1 Nc5 27.
bxa4 Rxa4 28. Kf3 Rd7 29. Rd5 Ke6 30. Rb2 f5 31. gxf5+ gxf5 32. Bxd6 Nd3 33.
Rxd3 Rxd6 34. Rdb3 Rb6 35. a3 Rc6 36. Rxb4 Rxa3 37. Rb6 Ra6 38. c5 Kd5 39. Rxa6
Rxa6 40. Rb6 Ra7 41. c6 Ra4 42. c7 Rc4 43. c8=Q Rxc8 44. Rb5+ Ke6 45. Rb6+ Kf7
46. Kf4 Rc5 47. Kg5 Kg7 48. Rb7+ Kg8 49. Kf6 Rc8 50. Rg7+ Kh8 51. Rg5 f4 52. e4
Rc2 53. Rd5 Rc6+ 54. Kf5 f3 55. Rd3 1-0

[Event "26. Copenhagen Open  (Politiken Cup)"]
[Site "Taastrup"]
[Date "2004.07.24"]
[Round "1"]
[White "Bering, Anders"]
[Black "Fjellheim, Marius"]
[Result "1-0"]
[WhiteElo "2084"]
[BlackElo "1237"]
[PlyCount "51"]
[EventDate "2004.07.24"]
[EventType "swiss"]
[EventRounds "10"]
[EventCountry "DEN"]
[SourceDate "2004.01.01"]

1. e4 e6 2. d4 d5 3. Nc3 Bb4 4. e5 c5 5. a3 Bxc3+ 6. bxc3 Qc7 7. Nf3 Bd7 8. a4
Nc6 9. Qd2 Rc8 10. Ba3 cxd4 11. cxd4 Na5 12. Qb4 Qc3+ 13. Qxc3 Rxc3 14. Bb4
Rxc2 15. Bxa5 b6 16. Bd2 Ne7 17. Bd3 Rc7 18. O-O O-O 19. Bb4 Re8 20. a5 Nc6 21.
Bd6 Rcc8 22. Ba6 Nxa5 23. Bxc8 Rxc8 24. Rfc1 Rxc1+ 25. Rxc1 Nc4 26. Nd2 1-0

[Event "26. Copenhagen Open  (Politiken Cup)"]
[Site "Taastrup"]
[Date "2004.07.24"]
[Round "1"]
[White "Bindzus, Niels"]
[Black "Jensen, Mads"]
[Result "1-0"]
[WhiteElo "2011"]
[BlackElo "1277"]
[PlyCount "49"]
[EventDate "2004.07.24"]
[EventType "swiss"]
[EventRounds "10"]
[EventCountry "DEN"]
[SourceDate "2004.01.01"]

1. e4 e6 2. d4 d5 3. Nc3 Nf6 4. Bg5 Be7 5. e5 Nfd7 6. h4 f6 7. Qh5+ g6 8. exf6
Nxf6 9. Qd1 Nbd7 10. Be2 h6 11. Bf4 c6 12. Qd3 Kf7 13. Nf3 Kg7 14. Ne5 Nxe5 15.
Bxe5 Bd6 16. h5 Bxe5 17. Qxg6+ Kf8 18. dxe5 Ne8 19. Rh3 Ng7 20. g4 Rg8 21. Qxh6
Kf7 22. Qf6+ Ke8 23. h6 Qxf6 24. exf6 Kf7 25. fxg7 1-0

[Event "26. Copenhagen Open  (Politiken Cup)"]
[Site "Taastrup"]
[Date "2004.07.24"]
[Round "1"]
[White "Bjerke, Richard"]
[Black "Nielsen, Rasmus Lundberg"]
[Result "1-0"]
[WhiteElo "2232"]
[BlackElo "1760"]
[PlyCount "77"]
[EventDate "2004.07.24"]
[EventType "swiss"]
[EventRounds "10"]
[EventCountry "DEN"]
[SourceDate "2004.01.01"]

1. e4 e5 2. Nf3 Nc6 3. Bb5 a6 4. Ba4 Nf6 5. O-O Be7 6. Re1 b5 7. Bb3 O-O 8. h3
Bb7 9. d3 d6 10. a3 Nd4 11. Nxd4 exd4 12. c3 dxc3 13. bxc3 c5 14. Nd2 Qb6 15.
Bb2 d5 16. exd5 Bd6 17. c4 Bf4 18. Ne4 Nxe4 19. Rxe4 Bh6 20. Rb1 Bc8 21. Qf3
Qg6 22. Rd1 bxc4 23. Bxc4 Bg5 24. Rde1 Bf5 25. R4e2 Rfc8 26. Bc3 Bd7 27. Qg3
Qh6 28. Qf3 Qg6 29. Rb1 Bb5 30. Bxb5 axb5 31. Rxb5 Rxa3 32. Rxc5 Rb8 33. Rc6 f6
34. Qg3 Rb1+ 35. Kh2 Qf5 36. Rc7 h5 37. Ree7 Bf4 38. Rxg7+ Kf8 39. Rg8# 1-0

[Event "26. Copenhagen Open  (Politiken Cup)"]
[Site "Taastrup"]
[Date "2004.07.24"]
[Round "1"]
[White "Bjerke, Silje"]
[Black "Jensen, Paul Johan"]
[Result "1/2-1/2"]
[WhiteElo "2094"]
[BlackElo "1358"]
[PlyCount "74"]
[EventDate "2004.07.24"]
[EventType "swiss"]
[EventRounds "10"]
[EventCountry "DEN"]
[SourceDate "2004.01.01"]

1. d4 Nf6 2. c4 g6 3. Nc3 Bg7 4. e4 d6 5. f3 O-O 6. Be3 Nbd7 7. Qd2 c6 8. Bd3
Ne8 9. Nge2 Nc7 10. Bh6 e5 11. Bxg7 Kxg7 12. O-O-O exd4 13. Nxd4 Ne5 14. Be2 f6
15. f4 Nf7 16. h4 Ne6 17. h5 Nxd4 18. Qxd4 Qe7 19. g4 Bd7 20. g5 c5 21. gxf6+
Qxf6 22. Qxf6+ Kxf6 23. e5+ Kg7 24. Ne4 Bc6 25. Bd3 dxe5 26. hxg6 hxg6 27. Rhg1
exf4 28. Nxc5 g5 29. Ne6+ Kf6 30. Nxf8 Rxf8 31. Bf1 Ne5 32. Bh3 Nxc4 33. Rd4
Ne3 34. Rd6+ Ke5 35. Re6+ Kd4 36. Rxg5 Kd3 37. Rd6+ Ke4 1/2-1/2

[Event "26. Copenhagen Open  (Politiken Cup)"]
[Site "Taastrup"]
[Date "2004.07.24"]
[Round "1"]
[White "Bjornsson, Sigurbjorn"]
[Black "Agustsson, Hafsteinn"]
[Result "1-0"]
[WhiteElo "2315"]
[BlackElo "1957"]
[PlyCount "59"]
[EventDate "2004.07.24"]
[EventType "swiss"]
[EventRounds "10"]
[EventCountry "DEN"]
[SourceDate "2004.01.01"]

1. e4 c5 2. c3 d5 3. exd5 Qxd5 4. d4 Nc6 5. Nf3 Bf5 6. Be3 e6 7. Na3 cxd4 8.
Nb5 Qd7 9. Nfxd4 Nxd4 10. Qxd4 a6 11. Qe5 f6 12. Nc7+ Kf7 13. Qxf5 exf5 14.
Nxa8 b5 15. Be2 Bd6 16. Nb6 Qc6 17. Bf3 Qc7 18. Nd5 Qb8 19. g3 Qb7 20. Bg2 Ne7
21. Rd1 Rd8 22. O-O Qb8 23. Rd2 g5 24. Rfd1 Nxd5 25. Bxd5+ Kg6 26. b3 Kg7 27.
Be6 Kg6 28. Rd5 Bc7 29. Bxf5+ Kh5 30. Rxd8 1-0

[Event "26. Copenhagen Open  (Politiken Cup)"]
[Site "Taastrup"]
[Date "2004.07.24"]
[Round "1"]
[White "Bleis, Christian"]
[Black "Lfstrand, Johannes"]
[Result "1-0"]
[WhiteElo "2261"]
[BlackElo "1856"]
[PlyCount "57"]
[EventDate "2004.07.24"]
[EventType "swiss"]
[EventRounds "10"]
[EventCountry "DEN"]
[SourceDate "2004.01.01"]

1. d4 Nf6 2. c4 e6 3. Nc3 Bb4 4. Nf3 b6 5. Bg5 Bb7 6. Nd2 c5 7. a3 Bxc3 8. bxc3
d6 9. f3 h6 10. Bh4 Nc6 11. e3 O-O 12. Bd3 Rc8 13. O-O Ba6 14. Qe2 Re8 15. f4
d5 16. Rad1 cxd4 17. exd4 dxc4 18. Bc2 Ne7 19. Bxf6 gxf6 20. Ne4 Ng6 21. f5
exf5 22. Rxf5 Kg7 23. Qh5 Re6 24. Rdf1 Qe7 25. Nxf6 Re1 26. Ng4 Rxf1+ 27. Kxf1
Qh4 28. Rxf7+ Kxf7 29. Bxg6+ 1-0

[Event "26. Copenhagen Open  (Politiken Cup)"]
[Site "Taastrup"]
[Date "2004.07.24"]
[Round "1"]
[White "Bromann, Thorbjorn"]
[Black "Serrano, Jose Manuel Garcia"]
[Result "1-0"]
[WhiteElo "2348"]
[BlackElo "1988"]
[PlyCount "95"]
[EventDate "2004.07.24"]
[EventType "swiss"]
[EventRounds "10"]
[EventCountry "DEN"]
[SourceDate "2004.01.01"]

1. d4 d5 2. Nc3 Nc6 3. e4 e6 4. e5 Bb4 5. Qg4 Nge7 6. Nf3 Nf5 7. Bd3 h5 8. Qf4
Ncxd4 9. Nxd4 g5 10. Bb5+ c6 11. Nxc6 gxf4 12. Nxd8+ Kxd8 13. Bxf4 Rg8 14. O-O
Bxc3 15. bxc3 Bd7 16. Bd3 Nh4 17. g3 Rc8 18. Rab1 b6 19. Rb3 Bc6 20. Be2 Ng6
21. Bg5+ Ke8 22. Bf6 d4 23. cxd4 Nf4 24. Bf3 Bxf3 25. Rxf3 Nd5 26. Rc1 Nc3 27.
Kf1 Rg4 28. Rd3 Nxa2 29. Ra1 Nb4 30. f3 Nxd3 31. fxg4 Rxc2 32. gxh5 a5 33. h4
Kf8 34. Bd8 Rb2 35. Rd1 Nf2 36. Rc1 Ne4 37. Rc8 Kg7 38. g4 a4 39. Be7 b5 40.
Kg1 b4 41. g5 a3 42. Bf6+ Nxf6 43. exf6+ Kh7 44. g6+ fxg6 45. Rc7+ Kh6 46. f7
Rb1+ 47. Kg2 Rb2+ 48. Kg3 1-0

[Event "26. Copenhagen Open  (Politiken Cup)"]
[Site "Taastrup"]
[Date "2004.07.24"]
[Round "1"]
[White "Buchkremer, Felix"]
[Black "Rozentalis, Eduardas"]
[Result "0-1"]
[WhiteElo "2046"]
[BlackElo "2619"]
[PlyCount "48"]
[EventDate "2004.07.24"]
[EventType "swiss"]
[EventRounds "10"]
[EventCountry "DEN"]
[SourceDate "2004.01.01"]

1. e4 e6 2. Nf3 d5 3. Nc3 d4 4. Ne2 c5 5. c3 Nc6 6. cxd4 cxd4 7. Qa4 Bc5 8. b4
Bb6 9. b5 Nce7 10. Nexd4 Nf6 11. d3 O-O 12. Be3 Ng4 13. Nc2 Nxe3 14. Nxe3 Bd7
15. Qb3 Ba5+ 16. Nd2 Bxd2+ 17. Kxd2 Qa5+ 18. Qc3 Qxb5 19. d4 Qa4 20. Qc4 Rfd8
21. Bd3 Qa5+ 22. Ke2 Rac8 23. Qb3 Rc3 24. Nc4 Qh5+ 0-1

[Event "26. Copenhagen Open  (Politiken Cup)"]
[Site "Taastrup"]
[Date "2004.07.24"]
[Round "1"]
[White "Carlstedt, Jonathan"]
[Black "Schou Moldt, Thomas"]
[Result "0-1"]
[WhiteElo "1774"]
[BlackElo "2248"]
[PlyCount "90"]
[EventDate "2004.07.24"]
[EventType "swiss"]
[EventRounds "10"]
[EventCountry "DEN"]
[SourceDate "2004.01.01"]

1. c4 Nf6 2. Nf3 g6 3. g3 Bg7 4. Bg2 O-O 5. O-O d6 6. Nc3 c6 7. d3 Nbd7 8. Bd2
e5 9. Rb1 Ne8 10. Ne1 f5 11. f4 Nef6 12. Nf3 Ng4 13. e3 exf4 14. gxf4 Re8 15.
Re1 Nc5 16. h3 Nf6 17. Qc2 a5 18. a3 a4 19. d4 Nce4 20. Nxa4 Nxd2 21. Nxd2 Be6
22. Nc3 Bf7 23. Qd3 Qb6 24. Ra1 Nh5 25. Nf3 Qb3 26. Nd2 Qb6 27. Nf3 Qa6 28. b3
h6 29. Kh2 Rad8 30. Qc2 Qb6 31. Rab1 Ra8 32. Na4 Qd8 33. c5 dxc5 34. dxc5 Qc7
35. Rbd1 Rxe3 36. Rxe3 Qxf4+ 37. Kh1 Ng3+ 38. Kh2 Ne4+ 39. Kh1 Qxe3 40. Nb6
Nf2+ 41. Kh2 Re8 42. Rd7 Be5+ 43. Nxe5 Qxe5+ 44. Kg1 Nxh3+ 45. Bxh3 Qg3+ 0-1

[Event "26. Copenhagen Open  (Politiken Cup)"]
[Site "Taastrup"]
[Date "2004.07.24"]
[Round "1"]
[White "Danielsen, Dag"]
[Black "Naes, Flovin Tor"]
[Result "0-1"]
[WhiteElo "1905"]
[BlackElo "2269"]
[PlyCount "96"]
[EventDate "2004.07.24"]
[EventType "swiss"]
[EventRounds "10"]
[EventCountry "DEN"]
[SourceDate "2004.01.01"]

1. c4 c5 2. Nf3 b6 3. e3 Bb7 4. d4 e6 5. Be2 Nf6 6. O-O Be7 7. Nbd2 cxd4 8.
exd4 O-O 9. Qc2 Nc6 10. a3 Rc8 11. b4 Qc7 12. Bb2 d5 13. c5 a6 14. Rfe1 Nd7 15.
Bf1 Bf6 16. Re3 bxc5 17. bxc5 e5 18. Nxe5 Ncxe5 19. dxe5 Nxe5 20. Rh3 h6 21.
Rc1 Rfe8 22. Nb3 Bg5 23. Rb1 Nd7 24. Bd4 Re6 25. Qc3 Bf6 26. Bxf6 Rxf6 27. Rg3
g6 28. Na5 Ba8 29. Bxa6 Rxa6 30. Qe3 Qxa5 31. Qxh6 Re6 32. h4 Re1+ 33. Rxe1
Qxe1+ 34. Kh2 Nf8 35. h5 Qe5 36. hxg6 Nxg6 37. f4 Qf6 38. Qh3 Qh8 39. f5 Qxh3+
40. Kxh3 Rxc5 41. fxg6 f6 42. Kg4 d4 43. Kf4 Rd5 44. Rd3 Bc6 45. g3 Kg7 46. Ke4
Kxg6 47. Rxd4 Rxd4+ 48. Kxd4 Kg5 0-1

[Event "26. Copenhagen Open  (Politiken Cup)"]
[Site "Taastrup"]
[Date "2004.07.24"]
[Round "1"]
[White "Danielsen, Magnus"]
[Black "Bank, Pelle Rodkjaer"]
[Result "1/2-1/2"]
[WhiteElo "1928"]
[BlackElo "2277"]
[PlyCount "51"]
[EventDate "2004.07.24"]
[EventType "swiss"]
[EventRounds "10"]
[EventCountry "DEN"]
[SourceDate "2004.01.01"]

1. e4 g6 2. d4 Bg7 3. c4 d6 4. Nc3 Nc6 5. Be3 e5 6. dxe5 Nxe5 7. Nf3 Nxf3+ 8.
Qxf3 Nf6 9. Bd3 O-O 10. Bg5 h6 11. Bh4 c6 12. O-O Re8 13. Rfe1 a5 14. Bc2 Be6
15. Qd3 Qb6 16. Na4 Qc7 17. Bg3 b5 18. cxb5 cxb5 19. Bxd6 Qc6 20. Nc3 Red8 21.
e5 Bf5 22. Qe2 Bxc2 23. Qxc2 b4 24. Qa4 Qa6 25. exf6 bxc3 26. fxg7 1/2-1/2